[Event "Irish International Open 2019"]
[Site "Dublin IRL"]
[Date "2019.04.18"]
[Round "2.31"]
[White "Pitkeathly, Hamish"]
[Black "Scott, Luke"]
[Result "0-1"]
[WhiteElo "1511"]
[BlackElo "1881"]
[BlackICU "1976"]
[BlackClub "T.C.D."]
[WhiteNationality "ENG"]
[BlackNationality "IRL"]
[WhiteFideId "426768"]
[BlackFideId "2507986"]
[PlyCount "58"]
[EventDate "2019.04.17"]
[HashCode "39f4361b"]

{ Event information: <a
href="http://www.irlchess.com/irishopen2019_allfiles/pairings_irishopen2019.html">Tournament
report</a>. }

1. e4 e6 2. Nf3 d5 3. e5 c5 4. b4 cxb4 5. a3 Nc6 6. d4 a6 7. Bd3 Bd7 8. h4
Qb6 9. Be3 bxa3 10. c3 Qb2 11. Rxa3 Bxa3 12. Ng5 Nge7 13. Qh5 g6 14. Qf3
O-O-O 15. O-O Rdf8 16. Bc1 Qxc1 17. Rxc1 Bxc1 18. Nxf7 Kb8 19. Qd1 Rxf7 20.
Qxc1 Rhf8 21. f3 Na7 22. c4 dxc4 23. Bxc4 Rc8 24. Qf1 Bb5 25. Nd2 Nd5 26.
Bxb5 Nxb5 27. Ne4 Rfc7 28. Qf2 Rc1+ 29. Kh2 R8c2 0-1

[Event "Irish International Open 2019"]
[Site "Dublin IRL"]
[Date "2019.04.18"]
[Round "2.32"]
[White "Murphy, Sean"]
[Black "Jordan, Felix"]
[Result "1-0"]
[WhiteElo "1853"]
[BlackElo "1538"]
[WhiteICU "1713"]
[BlackICU "1442"]
[WhiteClub "Elm Mount"]
[BlackClub "St. Benildus"]
[WhiteNationality "IRL"]
[BlackNationality "IRL"]
[WhiteFideId "2503778"]
[BlackFideId "2510324"]
[PlyCount "61"]
[EventDate "2019.04.17"]
[WhiteFullName "Murphy, Se&aacute;n"]
[HashCode "3e1afb74"]

{ Event information: <a
href="http://www.irlchess.com/irishopen2019_allfiles/pairings_irishopen2019.html">Tournament
report</a>. }

1. e4 e6 2. d4 d5 3. exd5 exd5 4. Bd3 Nf6 5. Ne2 g6 6. Bg5 Bg7 7. Qd2 O-O
8. Nbc3 Re8 9. O-O-O c6 10. h4 b5 11. h5 Nbd7 12. hxg6 fxg6 13. f3 a5 14.
Nf4 a4 15. g4 Qb6 16. Qh2 b4 17. Nce2 b3 18. a3 bxc2 19. Rd2 Rb8 20. Rxc2
Nf8 21. Bh6 Qc7 22. Bxg7 Qxg7 23. Nh5 gxh5 24. Qxb8 Bf5 25. Qxe8 Nxe8 26.
Bxf5 Kf7 27. Rxc6 hxg4 28. fxg4 Qg5+ 29. Kb1 Ng7 30. Rf1 Kg8 31. Rc8 1-0

[Event "Irish International Open 2019"]
[Site "Dublin IRL"]
[Date "2019.04.18"]
[Round "2.33"]
[White "Tempany, Max"]
[Black "Moran, Darragh"]
[Result "1/2-1/2"]
[WhiteElo "1519"]
[BlackElo "1844"]
[WhiteICU "1400"]
[BlackICU "1853"]
[WhiteClub "Gonzaga"]
[BlackClub "Gonzaga"]
[WhiteNationality "IRL"]
[BlackNationality "IRL"]
[WhiteFideId "2511452"]
[BlackFideId "2510294"]
[PlyCount "148"]
[EventDate "2019.04.17"]
[HashCode "a1950dd7"]

{ Event information: <a
href="http://www.irlchess.com/irishopen2019_allfiles/pairings_irishopen2019.html">Tournament
report</a>. }

1. e4 e6 2. d4 d5 3. Nc3 Nf6 4. e5 Nfd7 5. f4 c5 6. Nf3 Nc6 7. Be3 h6 8.
Qd2 g5 9. fxg5 cxd4 10. Nxd4 Ndxe5 11. O-O-O Ng4 12. Bg1 Qxg5 13. Nf3 Qxd2+
14. Rxd2 a6 15. h3 Nge5 16. Nxe5 Nxe5 17. Re2 Bd6 18. Bd4 f6 19. g4 O-O 20.
Bg2 Ng6 21. Rhe1 Nh4 22. Bf1 Nf3 23. Rd1 Nxd4 24. Rxd4 b5 25. Bg2 Bb7 26.
Re1 Kf7 27. Kb1 Rac8 28. Rd2 Rc7 29. Rde2 Be5 30. Nd1 Bg3 31. Rg1 Bd6 32.
Rd2 Bf4 33. Rd3 Rfc8 34. Rc3 b4 35. Rxc7+ Rxc7 36. Rf1 Bg5 37. Nf2 Kg6 38.
Nd3 a5 39. Rh1 e5 40. h4 Be3 41. Rf1 d4 42. Bh3 e4 43. Nf4+ Bxf4 44. Rxf4
e3 45. Bf1 Re7 46. Be2 Re4 47. Bd3 e2 48. Rxe4 Bxe4 49. Bxe2 f5 50. gxf5+
Kxf5 51. Kc1 Kf4 52. Kd2 Kg3 53. h5 Kf4 54. Bc4 Kg5 55. Bf7 Bf5 56. c3
dxc3+ 57. bxc3 Kf6 58. Bc4 Kg5 59. cxb4 axb4 60. Bf7 Bg4 61. Kc2 Bxh5 62.
Bd5 Bg4 63. Kb3 h5 64. Kxb4 h4 65. a4 h3 66. a5 Be2 67. Kc5 Bf1 68. Bb7 Bg2
69. a6 Kf4 70. Kb6 Kg3 71. a7 Bxb7 72. Kxb7 h2 73. a8=Q h1=B+ 74. Kb8 Bxa8
1/2-1/2

[Event "Irish International Open 2019"]
[Site "Dublin IRL"]
[Date "2019.04.18"]
[Round "2.34"]
[White "Larter, Nick J."]
[Black "Moran, Hugh"]
[Result "1-0"]
[WhiteElo "1830"]
[BlackElo "1522"]
[WhiteICU "1699"]
[BlackICU "1571"]
[WhiteClub "Ennis"]
[BlackClub "Gonzaga"]
[WhiteNationality "IRL"]
[BlackNationality "IRL"]
[WhiteFideId "2502240"]
[BlackFideId "2511100"]
[PlyCount "57"]
[EventDate "2019.04.17"]
[HashCode "3b1bac45"]

{ Event information: <a
href="http://www.irlchess.com/irishopen2019_allfiles/pairings_irishopen2019.html">Tournament
report</a>. }

1. e4 d6 2. c4 c5 3. Nc3 Nc6 4. g3 e5 5. Nge2 Nge7 6. Bg2 g6 7. O-O Bg7 8.
d3 O-O 9. Rb1 f5 10. f4 a6 11. Be3 Rb8 12. Qd2 b5 13. b3 Qc7 14. h3 Nd4 15.
Kh2 Nec6 16. Bxd4 Nxd4 17. Nxd4 cxd4 18. Nd5 Qd8 19. cxb5 axb5 20. Rbc1
exf4 21. Nxf4 Bh6 22. Qb4 fxe4 23. Qxd4 Bxf4 24. Rxf4 Rxf4 25. gxf4 exd3
26. Bd5+ Kf8 27. Qh8+ Ke7 28. Qxh7+ Kf6 29. Qf7# 1-0

[Event "Irish International Open 2019"]
[Site "Dublin IRL"]
[Date "2019.04.18"]
[Round "2.35"]
[White "O'Connell, Michael Joseph"]
[Black "Kalam, Abul"]
[Result "0-1"]
[WhiteElo "1508"]
[BlackElo "1804"]
[WhiteICU "1235"]
[BlackICU "1721"]
[WhiteClub "Curragh"]
[BlackClub "Rathmines"]
[WhiteNationality "IRL"]
[BlackNationality "IRL"]
[WhiteFideId "2507676"]
[BlackFideId "2501007"]
[PlyCount "66"]
[EventDate "2019.04.17"]
[HashCode "448fd54f"]

{ Event information: <a
href="http://www.irlchess.com/irishopen2019_allfiles/pairings_irishopen2019.html">Tournament
report</a>. }

1. e4 c5 2. Bc4 e6 3. c3 a6 4. d4 d5 5. exd5 exd5 6. Bb3 Be6 7. Be3 c4 8.
Bc2 Nf6 9. Bf4 Bd6 10. Bg3 Qe7 11. Bxd6 Qxd6 12. Qe2 O-O 13. Kd2 Nbd7 14.
f4 Qxf4+ 15. Qe3 Qg4 16. g3 Rfe8 17. Qf3 Qg5+ 18. Qf4 Ne4+ 19. Bxe4 Qxf4+
20. gxf4 dxe4 21. Ke3 f5 22. Nd2 Nf6 23. h3 Nd5+ 24. Ke2 Nxf4+ 25. Kf1 Bd5
26. Rh2 g6 27. b3 b5 28. bxc4 bxc4 29. Rb1 Rab8 30. Ne2 Nd3 31. Rxb8 Rxb8
32. Ng3 Rb2 33. Re2 Rxa2 0-1

[Event "Irish International Open 2019"]
[Site "Dublin IRL"]
[Date "2019.04.18"]
[Round "2.36"]
[White "Boyle, Bernard"]
[Black "Bergin, Cian"]
[Result "1-0"]
[WhiteElo "1799"]
[BlackElo "1512"]
[WhiteICU "1708"]
[WhiteClub "Elm Mount"]
[WhiteNationality "IRL"]
[BlackNationality "IRL"]
[WhiteFideId "2501830"]
[BlackFideId "2512572"]
[PlyCount "149"]
[EventDate "2019.04.17"]
[HashCode "9dc4045a"]

{ Event information: <a
href="http://www.irlchess.com/irishopen2019_allfiles/pairings_irishopen2019.html">Tournament
report</a>. }

1. d4 Nf6 2. Nf3 d5 3. Bf4 c5 4. e3 Nc6 5. c3 Qb6 6. Qc2 Bf5 7. dxc5 Bxc2
8. cxb6 axb6 9. Na3 Be4 10. Nb5 Rc8 11. Nbd4 Bxf3 12. Nxf3 e6 13. Bb5 Ne4
14. O-O Bd6 15. Rad1 O-O 16. Bd3 Bxf4 17. exf4 Nf6 18. Ne5 Ra8 19. Bb1 Ra4
20. g3 Rc8 21. Kg2 b5 22. Nd3 b6 23. Rfe1 Rc4 24. Ne5 Nxe5 25. fxe5 Nd7 26.
Bd3 R4c5 27. f4 Ra8 28. Bb1 Rc4 29. Re3 Rca4 30. a3 Nc5 31. Re2 R4a7 32.
Rd4 Ra4 33. Rd1 R4a7 34. Bc2 Rc8 35. Rd4 Na4 36. Bd3 Ra5 37. Rb4 Rc5 38. f5
exf5 39. Bxf5 g6 40. Bd7 Rc4 41. Rxb5 Nc5 42. Rxa5 bxa5 43. Bc6 d4 44. cxd4
Rxd4 45. Rc2 Nd3 46. Kf1 Nxe5 47. Bb5 Ng4 48. Rc8+ Kg7 49. h3 Nh2+ 50. Ke1
Nf3+ 51. Ke2 Ng5 52. h4 Rd5 53. a4 Ne4 54. Kf3 Nd6 55. Rb8 Rf5+ 56. Ke3
Re5+ 57. Kd4 Re4+ 58. Kd5 Re6 59. Bd7 Rf6 60. Rb6 Ne4 61. Rxf6 Nxf6+ 62.
Kc6 Ne4 63. Kb5 Nxg3 64. Kxa5 f5 65. Kb6 Ne4 66. a5 Nf6 67. Bc6 Ne4 68. a6
Nd6 69. Kc7 Nc4 70. a7 Nxb2 71. a8=Q Nc4 72. Qe8 f4 73. Qe7+ Kh6 74. Qg5+
Kg7 75. Qxf4 1-0

[Event "Irish International Open 2019"]
[Site "Dublin IRL"]
[Date "2019.04.18"]
[Round "2.37"]
[White "Avetisyan, Gagik"]
[Black "Lundback, Anders"]
[Result "0-1"]
[WhiteElo "1474"]
[BlackElo "1806"]
[WhiteICU "1541"]
[WhiteClub "Armenian C.C."]
[WhiteNationality "IRL"]
[BlackNationality "SWE"]
[WhiteFideId "2512270"]
[BlackFideId "1713876"]
[PlyCount "50"]
[EventDate "2019.04.17"]
[HashCode "3504503d"]

{ Event information: <a
href="http://www.irlchess.com/irishopen2019_allfiles/pairings_irishopen2019.html">Tournament
report</a>. }

1. d4 Nf6 2. Nf3 e6 3. c4 Bb4+ 4. Bd2 Bxd2+ 5. Nbxd2 O-O 6. g3 b6 7. Bg2
Bb7 8. O-O d6 9. e3 Nbd7 10. Qc2 c5 11. Rac1 Rc8 12. Qb1 Rc7 13. b3 Qa8 14.
Nh4 Bxg2 15. Nxg2 cxd4 16. exd4 e5 17. Rfe1 Re8 18. d5 a5 19. f4 Rcc8 20.
Kh1 b5 21. fxe5 Nxe5 22. Ne3 Qa7 23. Nf5 Qf2 24. Nxd6 Nfg4 25. Nf1 Nf3 0-1

[Event "Irish International Open 2019"]
[Site "Dublin IRL"]
[Date "2019.04.18"]
[Round "2.40"]
[White "Honner, Mervyn"]
[Black "Opseth, Oliver"]
[Result "0-1"]
[WhiteElo "1441"]
[BlackElo "1739"]
[WhiteICU "1226"]
[WhiteClub "Bray"]
[WhiteNationality "IRL"]
[BlackNationality "NOR"]
[WhiteFideId "2504847"]
[BlackFideId "1523813"]
[PlyCount "82"]
[EventDate "2019.04.17"]
[HashCode "4f93b237"]

{ Event information: <a
href="http://www.irlchess.com/irishopen2019_allfiles/pairings_irishopen2019.html">Tournament
report</a>. }

1. e4 c5 2. Nf3 Nc6 3. Nc3 e6 4. b3 d5 5. Bb5 a6 6. Bxc6+ bxc6 7. e5 Nh6 8.
d4 Nf5 9. Ba3 Qa5 10. Bb2 cxd4 11. Nxd4 Bb4 12. Qd3 Nxd4 13. Qxd4 c5 14.
Qd3 d4 15. Qf3 Bxc3+ 16. Bxc3 Qxc3+ 17. Qxc3 dxc3 18. O-O-O Bb7 19. f3 Rd8
20. Rxd8+ Kxd8 21. Rd1+ Kc7 22. Rd3 Rd8 23. Rxc3 Kb6 24. a4 a5 25. f4 Bxg2
26. Rg3 Be4 27. Rxg7 Bg6 28. h4 Rd4 29. h5 Bxh5 30. Rxh7 Bg6 31. Rh4 c4 32.
Rg4 Kc5 33. c3 Rd1+ 34. Kxd1 Bh5 35. Kc2 Bxg4 36. bxc4 Kxc4 37. Kd2 Bf3 38.
Ke3 Bc6 39. f5 exf5 40. Kf4 Bd7 41. Ke3 Kxc3 0-1

[Event "Irish International Open 2019"]
[Site "Dublin IRL"]
[Date "2019.04.18"]
[Round "2.41"]
[White "Burg, Henk"]
[Black "Dimitrov, Nikolai"]
[Result "0-1"]
[WhiteElo "1719"]
[BlackElo "1411"]
[BlackICU "1131"]
[BlackClub "Skerries"]
[WhiteNationality "NED"]
[BlackNationality "IRL"]
[WhiteFideId "1017691"]
[BlackFideId "2511649"]
[PlyCount "34"]
[EventDate "2019.04.17"]
[HashCode "22399edb"]

{ Event information: <a
href="http://www.irlchess.com/irishopen2019_allfiles/pairings_irishopen2019.html">Tournament
report</a>. }

1. e4 c6 2. d4 d5 3. e5 f6 4. Nc3 e6 5. Nf3 Bb4 6. Bd2 a6 7. Bd3 Ne7 8. Ne2
a5 9. c3 fxe5 10. cxb4 e4 11. Bxe4 dxe4 12. Ng5 axb4 13. Nxe4 h6 14. Be3
Nf5 15. O-O Qd5 16. Qd3 b6 17. Nf4 Qd7 0-1

[Event "Irish International Open 2019"]
[Site "Dublin IRL"]
[Date "2019.04.18"]
[Round "2.42"]
[White "Doyle, Peter"]
[Black "Phelan, Leo"]
[Result "0-1"]
[WhiteElo "1420"]
[BlackElo "1708"]
[WhiteICU "1219"]
[BlackICU "1670"]
[WhiteClub "Cork"]
[BlackClub "Gonzaga"]
[WhiteNationality "IRL"]
[BlackNationality "IRL"]
[WhiteFideId "2510219"]
[BlackFideId "2511428"]
[PlyCount "54"]
[EventDate "2019.04.17"]
[HashCode "3463026e"]

{ Event information: <a
href="http://www.irlchess.com/irishopen2019_allfiles/pairings_irishopen2019.html">Tournament
report</a>. }

1. c4 e5 2. g3 d6 3. Bg2 f5 4. Nc3 Nf6 5. d3 g6 6. e3 Bg7 7. Nge2 O-O 8.
Rb1 a5 9. O-O Qe8 10. a3 g5 11. b4 axb4 12. axb4 Qh5 13. d4 f4 14. exf4 Bh3
15. f3 gxf4 16. gxf4 Qg6 17. Rf2 exd4 18. Qxd4 Nc6 19. Qd2 Nh5 20. Qd5+ Be6
21. Qg5 Qf7 22. Nd5 h6 23. Qh4 Bf5 24. Rb2 Bxb2 25. Bxb2 Bg6 26. Ng3 Nxg3
27. hxg3 Qe6 0-1

[Event "Irish International Open 2019"]
[Site "Dublin IRL"]
[Date "2019.04.18"]
[Round "2.44"]
[White "Robinson, Nette"]
[Black "Saynajakangas, Kirsi"]
[Result "1/2-1/2"]
[WhiteElo "1343"]
[BlackElo "1693"]
[WhiteNationality "ENG"]
[BlackNationality "FIN"]
[WhiteFideId "441996"]
[BlackFideId "502294"]
[PlyCount "77"]
[EventDate "2019.04.17"]
[HashCode "4a79ff78"]

{ Event information: <a
href="http://www.irlchess.com/irishopen2019_allfiles/pairings_irishopen2019.html">Tournament
report</a>. }

1. Nf3 f5 2. b3 Nf6 3. e3 g6 4. Bb2 Bg7 5. d3 d6 6. Nbd2 O-O 7. Be2 e5 8.
e4 Nc6 9. O-O h6 10. Nh4 Nxe4 11. Nxg6 Nxd2 12. Qxd2 Rf6 13. Nh4 f4 14. Bh5
Be6 15. Qe2 Bf7 16. Bxf7+ Rxf7 17. Qg4 Qg5 18. h3 Bf6 19. Nf3 Qxg4 20. hxg4
Rg7 21. Nh2 Kh7 22. f3 Nb4 23. Rf2 Nd5 24. Bc1 Rag8 25. Bb2 Bh4 26. Re2 Ne3
27. Bc1 Nd5 28. Bb2 Bf6 29. a3 h5 30. c3 Ne3 31. Bc1 hxg4 32. Bxe3 gxf3 33.
Nxf3 fxe3 34. Raa2 e4 35. dxe4 Bxc3 36. Rxe3 Ba5 37. Nd4 Bb6 38. Rh3+ Kg6
39. Rg3+ 1/2-1/2

[Event "Irish International Open 2019"]
[Site "Dublin IRL"]
[Date "2019.04.18"]
[Round "2.46"]
[White "Wang, Eric"]
[Black "Farrelly, Eoin"]
[Result "0-1"]
[WhiteElo "1268"]
[BlackElo "1644"]
[WhiteICU "1115"]
[BlackICU "1384"]
[WhiteClub "St. Benildus"]
[WhiteNationality "IRL"]
[BlackNationality "IRL"]
[WhiteFideId "2511320"]
[BlackFideId "2510359"]
[PlyCount "78"]
[EventDate "2019.04.17"]
[HashCode "4d8523df"]

{ Event information: <a
href="http://www.irlchess.com/irishopen2019_allfiles/pairings_irishopen2019.html">Tournament
report</a>. }

1. e4 e6 2. d4 d5 3. exd5 exd5 4. Bd3 Nf6 5. Nc3 Bd6 6. Bg5 c6 7. Nge2 O-O
8. O-O b6 9. Ng3 h6 10. Be3 Qc7 11. Qd2 Ng4 12. Nce2 Nxe3 13. fxe3 Bg4 14.
Nf4 g5 15. Nfh5 Bxh5 16. Nxh5 Nd7 17. g3 c5 18. Nf6+ Nxf6 19. Rxf6 Kg7 20.
Qf2 c4 21. Rxh6 f5 22. Rh5 Kg6 23. Be2 g4 24. Rh4 Be7 25. Rf1 Bxh4 26. gxh4
Qe7 27. Qg3 Rae8 28. Rf2 Qxe3 29. Qd6+ Qe6 30. Qf4 Qf6 31. Rg2 Re4 32. Qd2
Qxd4+ 33. Qxd4 Rxd4 34. h3 Kh5 35. Rf2 Kxh4 36. hxg4 f4 37. Rh2+ Kg5 38.
Rh5+ Kg6 39. g5 f3 0-1

[Event "Irish International Open 2019"]
[Site "Dublin IRL"]
[Date "2019.04.18"]
[Round "3.3"]
[White "Burg, Twan"]
[Black "Longson, Alexander"]
[Result "1-0"]
[WhiteTitle "GM"]
[BlackTitle "FM"]
[WhiteElo "2519"]
[BlackElo "2318"]
[WhiteNationality "NED"]
[BlackNationality "ENG"]
[WhiteFideId "1010697"]
[BlackFideId "408093"]
[PlyCount "67"]
[EventDate "2019.04.17"]
[ICUid "50125"]
[HashCode "3d959fbe"]

{ Event information: <a
href="http://www.irlchess.com/irishopen2019_allfiles/pairings_irishopen2019.html">Tournament
report</a>. }

1. Nf3 d5 2. d4 Nf6 3. g3 e6 4. Bg2 Be7 5. c4 O-O 6. Qc2 c5 7. O-O cxd4 8.
Nxd4 e5 9. Nf5 d4 10. Nxe7+ Qxe7 11. b4 Rd8 12. a3 h6 13. Nd2 Bg4 14. Ne4
Nbd7 15. f4 Rac8 16. c5 Nxe4 17. Qxe4 Nf6 18. Qxe5 Qd7 19. Rd1 Qb5 20. Bb2
a5 21. h3 Be6 22. Rxd4 Re8 23. c6 bxc6 24. Qxb5 cxb5 25. bxa5 Rc2 26. Rb4
Bd5 27. Re1 Bxg2 28. Kxg2 Nd5 29. Rxb5 Ne3+ 30. Kg1 Nc4 31. Bd4 Nd2 32. Kg2
Nc4 33. a6 Nxa3 34. Rb3 1-0

[Event "Irish International Open 2019"]
[Site "Dublin IRL"]
[Date "2019.04.18"]
[Round "3.8"]
[White "Schut, Han"]
[Black "Larino Nieto, David"]
[Result "0-1"]
[BlackTitle "GM"]
[WhiteElo "2173"]
[BlackElo "2434"]
[WhiteNationality "NED"]
[BlackNationality "ESP"]
[WhiteFideId "1005561"]
[BlackFideId "2256444"]
[PlyCount "128"]
[EventDate "2019.04.17"]
[BlackFullName "Lari&ntilde;o Nieto, David"]
[ICUid "50130"]
[HashCode "85e5f61b"]

{ Annotator: Han Schut, <a
href="https://www.chess.com/blog/HanSchut/irish-open-a-cheater-caught-and-an-agonizing-loss">Irish
Open: a cheater caught and an agonizing loss</a>, Chess.com blog, May 11,
2019. } { Event information: <a
href="http://www.irlchess.com/irishopen2019_allfiles/pairings_irishopen2019.html">Tournament
report</a>. }

1. e4 c5 2. Nf3 Nc6 3. d4 cxd4 4. Nxd4 Nf6 5. Nc3 d6 6. Bg5 e6 7. Qd2 a6 8.
O-O-O h6 9. Bxf6 Qxf6 10. Nb3 g5 11. Kb1 Bd7 12. f3 Rd8 13. h4 gxh4 14. e5
dxe5 15. Ne4 Qg6 16. Qe1 f5 17. Nec5 Bc8 18. Rxd8+ Kxd8 19. Qxh4+ Be7 20.
Qc4 Kc7 21. Na5 Rd8 22. Nxa6+ Kd7 23. Nxc6 bxc6 24. Nc5+ Ke8 25. a3 Rd5 26.
Nd3 Bd7 27. Ka2 c5 28. f4 Bd6 29. Nxe5 Bxe5 30. fxe5 Rxe5 31. Qc3 Rd5 32.
Qh8+ Ke7 33. Rxh6 Qe8 34. Qf6+ Kd6 35. Rh8 Qe7 36. Qg6 Rd4 37. Rh7 Qd8 38.
Rh6 Kc7 39. Rh7 Kd6 40. Qg3+ f4 41. Qg7 Bc6 42. b3 Be4 43. Rh8 Qe7 44. Qg8
Bxc2 45. Qb8+ Kd5 46. Bc4+ Ke4 47. Re8 Qg7 48. Rxe6+ Kf5 49. Qe8 Bd1 50.
Re2 Bxe2 51. Qxe2 Kg5 52. a4 Qc7 53. Ka3 Qd6 54. Qe8 Rd2 55. Qg8+ Qg6 56.
Qc8 Qd6 57. Qg8+ Kh4 58. Qh8+ Kg3 59. Qh3+ Kf2 60. Qf3+ Kg1 61. g4 fxg3 62.
Qe3+ Kh2 63. Be2 c4+ 64. b4 Rd3+ 0-1

[Event "Irish International Open 2019"]
[Site "Dublin IRL"]
[Date "2019.04.18"]
[Round "3.10"]
[White "Mannion, Stephen R."]
[Black "Khairil, Muhd Khairil Asyraf"]
[Result "1-0"]
[WhiteTitle "IM"]
[WhiteElo "2285"]
[BlackElo "1522"]
[BlackICU "1626"]
[BlackClub "Galway"]
[WhiteNationality "SCO"]
[BlackNationality "MAS"]
[WhiteFideId "2400111"]
[BlackFideId "5712467"]
[PlyCount "34"]
[EventDate "2019.04.17"]
[ICUid "50132"]
[HashCode "2478a4f5"]

{ Event information: <a
href="http://www.irlchess.com/irishopen2019_allfiles/pairings_irishopen2019.html">Tournament
report</a>. }

1. e4 e5 2. Nf3 Nc6 3. Bb5 Nf6 4. O-O Nxe4 5. d4 exd4 6. Re1 d5 7. Nxd4 Bd6
8. Nxc6 Bxh2+ 9. Kf1 Qh4 10. Be3 bxc6 11. Bxc6+ Kf8 12. Qxd5 Ba6+ 13. Bb5
Rd8 14. Bc5+ Nxc5 15. Qxc5+ Bd6 16. Qc6 Qh1+ 17. Ke2 Qh5+ { The result was
initially given as 0-1, and that is also the result given by TWIC 1276.
Later Black's results for the first three games were changed from wins to
losses, and he was not paired from round 6 onwards. } 1-0

[Event "Irish International Open 2019"]
[Site "Dublin IRL"]
[Date "2019.04.18"]
[Round "3.12"]
[White "Murphy, Sean J."]
[Black "Sokolinsky, Yaakov"]
[Result "1-0"]
[WhiteElo "1976"]
[BlackElo "1884"]
[WhiteICU "1908"]
[WhiteClub "Cork"]
[WhiteNationality "IRL"]
[BlackNationality "ISR"]
[WhiteFideId "2512742"]
[BlackFideId "2815435"]
[PlyCount "59"]
[EventDate "2019.04.17"]
[WhiteFullName "Murphy, Se&aacute;n J."]
[ICUid "50134"]
[HashCode "3d22724b"]

{ Event information: <a
href="http://www.irlchess.com/irishopen2019_allfiles/pairings_irishopen2019.html">Tournament
report</a>. }

1. d4 d5 2. c4 e6 3. Nc3 c6 4. e4 dxe4 5. Nxe4 Bb4+ 6. Bd2 Qxd4 7. Bxb4
Qxe4+ 8. Be2 Na6 9. Ba5 b6 10. Qd6 Bd7 11. Bc3 Nf6 12. O-O-O O-O-O 13. c5
Nxc5 14. Be5 Kb7 15. Bf3 Qa4 16. Qc7+ Ka8 17. Rxd7 Nd3+ 18. Rxd3 Nd5 19.
Bxd5 cxd5 20. Qc2 Qd7 21. Rc3 Rc8 22. Kb1 f6 23. Rc7 Rxc7 24. Qxc7 Qb5 25.
Bd6 Qd3+ 26. Qc2 Qf1+ 27. Qc1 Qd3+ 28. Ka1 Qb5 29. Nf3 e5 30. Qc7 1-0

[Event "Irish International Open 2019"]
[Site "Dublin IRL"]
[Date "2019.04.18"]
[Round "3.15"]
[White "Murray, David"]
[Black "O'Mahoney, Keegan"]
[Result "1-0"]
[WhiteElo "2152"]
[BlackElo "1875"]
[WhiteICU "2146"]
[BlackICU "1857"]
[WhiteClub "Gonzaga"]
[BlackClub "Cork"]
[WhiteNationality "IRL"]
[BlackNationality "IRL"]
[WhiteFideId "2501511"]
[BlackFideId "2506190"]
[PlyCount "81"]
[EventDate "2019.04.17"]
[ICUid "50137"]
[HashCode "4a0792a7"]

{ Event information: <a
href="http://www.irlchess.com/irishopen2019_allfiles/pairings_irishopen2019.html">Tournament
report</a>. }

1. d4 e6 2. Nf3 f5 3. g3 Nf6 4. Bg2 d5 5. O-O Bd6 6. c4 c6 7. Nc3 O-O 8.
Bf4 Ne4 9. Bxd6 Nxd6 10. cxd5 exd5 11. e3 Qe8 12. Qc2 Rf6 13. Rfc1 Rh6 14.
Ne2 Na6 15. Nf4 Ne4 16. h4 Nc7 17. Ne5 Ne6 18. Bxe4 fxe4 19. Qe2 Qe7 20.
Ng4 Rf6 21. Nxf6+ Qxf6 22. Qh5 g6 23. Qh6 Nd8 24. Ng2 Bf5 25. Qf4 Nf7 $4 (
25... Ne6 $16) 26. g4 Nd6 27. gxf5 Nxf5 28. Qg5 Qf7 29. Nf4 Kg7 30. h5 Rf8
31. Rd1 Ne7 32. Qe5+ Kg8 33. Kh2 Nf5 34. hxg6 hxg6 35. Qe6 g5 36. Rg1 Kh8
37. Rxg5 Qh7+ 38. Rh5 Qxh5+ 39. Nxh5 Nh4 40. Qh6+ Kg8 41. Qg7# 1-0